Analýza moderných metód hodnotenia výkonnosti podniku založených na princípe hodnotovo orientovaného riadenia diplomová práca

Saved in:
Bibliographic Details
Main Author: Janišová, Lucia
Corporate Author: Fakulta podnikového manažmentu EU. Katedra podnikových financií
Other Authors: Šrenkel, Ľudovít
Format: Book
Language:Slovak
Published: Bratislava 2014
Tags: Add Tag
No Tags, Be the first to tag this record!

MARC

LEADER 00000nbm a2200000 4500
001 0187821
005 20170201091259.5
041 0 |a slo 
044 |a SK 
245 1 0 |a Analýza moderných metód hodnotenia výkonnosti podniku založených na princípe hodnotovo orientovaného riadenia  |b diplomová práca  |c Lucia Janišová ; školiteľ: Ľudovít Šrenkel 
264 1 |a Bratislava  |c 2014 
300 |a 76 s. 
100 1 |a Janišová, Lucia 
700 1 |a Šrenkel, Ľudovít 
710 2 |a Fakulta podnikového manažmentu EU. Katedra podnikových financií